000 00694nam a2200181 i 4500
001 32292
003 ES-MaACL
005 20230906154540.0
007 t|
008 030130s1965 sp ||||1| spa d
100 1 _aBergós, Joan.
_9143724
245 1 0 _aTabicados huecos
_b: bases para las dimensiones de las bóvedas y cubiertas del templo expiatorio de la Sagrada Familia /
_cJoan Bergos.
260 _aBarcelona :
_bColegio Oficial de Arquitectos de Cataluña y Baleares,
_c[1965]
300 _a74 p., 10 lám. :
_bil. ;
_c22 cm.
710 2 _aColegio Oficial de Arquitectos de Cataluña y Baleares.
_92956
852 _aES-MaACL
_jC-26712
_bR.55982
852 _aES-MaACL
_jC-27625
_bR.53283
999 _c32292
_d32292